Top Waifu Anime - Statistiques

Statistiques générales
  • Ce quiz a été pris 1 841 fois
  • Le résultat moyen est 25 sur 100
Statistiques - réponses
Hint Réponse % Correct
One Piece Nami
96%
Naruto | Tokyo Revengers Hinata
95%
Naruto Sakura
89%
One Piece Robin
83%
Naruto Tsunade
82%
Fairy Tail Lucy
81%
Fairy Tail Erza
74%
L'Attaque des Titans Mikasa
69%
Dragon Ball Z Bulma
66%
Naruto Ino
52%
My Hero Academia Momo
52%
Sword Art Online Asuna
45%
Bleach Orihime
43%
Re Zero Rem
41%
One Piece Boa Hancock
39%
Jujutsu Kaisen Nobara
39%
Darling in the Franxx Zero Two
37%
Fairy Tail Mirajane
36%
Bleach Rukia
34%
Kaguya Sama Kaguya
33%
Fate | Naruto Rin
33%
Demon Slayer Shinobu
33%
Akame ga kill Akame
32%
L'Attaque des Titans Annie
32%
The Seven Deadly Sins Elisabeth
32%
Re Zero Ram
32%
Bleach Yoruichi
32%
Bunny Girl Senpai Mai
31%
One Piece Vivi
31%
Konosuna Aqua
29%
Re Zero Emilia
29%
Fairy Tail Jubia
29%
Fire Force Maki
29%
The Quintessential Quintuplets Miku
29%
Naruto Temari
28%
Food Wars Erina
27%
Black Clover Noelle
27%
The Seven Deadly Sins Diane
26%
The Quintessential Quintuplets Nino
26%
Konosuba Megumin
25%
My Dress Up Darling Marine
23%
Fate Saber
23%
Fairy Tail Wendy
22%
Gambling School Yumeko
22%
Bleach Matsumoto
21%
Overlord Albedo
20%
Code Geass C.C
20%
High School DxD Rias
20%
Konosuba Darkness
18%
Naruto Mei
18%
One Piece Yamato
18%
Tokyo Ghoul Touka
16%
Neon Genesis Evangelion Asuka
15%
Gambling School Marie
15%
Death Note Misa Amane
15%
One Piece Rebecca
15%
Akame ga kill Esdeath
14%
Jojo's Bizarre adventure Lisa Lisa
14%
Fire Force Tamaki
14%
Kuroko no Basket Momoi
13%
High School of the dead Rei
13%
Black Lagoon Reby
12%
Mirai Nikki Yuno
12%
Fairy Tail | Gintama Kagura
10%
Your lie in April Kaori
10%
Fairy Tail Cana
9%
Danmachi Hestia
9%
Naruto Kurenai
9%
Toradora Taiga
8%
Fairy Tail Yukino
8%
Steins Gate Kurisu
7%
Your Name Mitsuha
7%
Rent a Girlfriend Mizuhara
7%
Bleach Nelliel
7%
Jojo's Bizarre Adventure Speedwagon
7%
Code Geass Kallen
6%
Fairy Tail Levy
6%
Charlotte Nao
6%
Fruits Basket Tohru
6%
Oregairu Yui
6%
Cowboy bebop Faye Valentine
5%
Noragami Hiyori
5%
Fullmetal Alchemist Riza
5%
Kill la Kill Ryuko
5%
Noragami Bishamon
4%
Grand Blue Chisa
4%
Bleach Hallibel
4%
My Hero Academia Ochaco uraraka
4%
Fullmetal alchemist Winrie Rockbell
4%
Clannad Nagisa
3%
Fairy Tail Aquarius
2%
Hyouka Eru
2%
Gintama Tsukuyo
2%
Grand Blue Azusa
1%
Anohana Anju
0%
Bakemonogatari Senjugahara
0%
Gintama Tae
0%
Aucun quiz correspondant
Distribution des résultats
% des personnes avec chaque résultat
Percentile par nombre de réponses
Votre historique - résultats
Vous n’avez pas pris ce quiz